| 000 | 00367nam a22001217a 4500 | ||
|---|---|---|---|
| 005 | 20250820173401.0 | ||
| 008 | 250820b |||||||| |||| 00| 0 eng d | ||
| 082 |
_a005 _bPAR-M |
||
| 100 | _aParsons, Oja, Carey, and Desjardins (New Perspectives) | ||
| 245 | _aMicrosoft Office 365 Excel 2016 Intermediate | ||
| 650 | _aComputer/Microsoft Office & Windows | ||
| 999 |
_c37024 _d37024 |
||